| 000 | 01407nam0a2200313 4500 | ||
|---|---|---|---|
| 001 | RU\NLR\bibl\932919 | ||
| 005 | 20250614192949.0 | ||
| 010 |
_a5-8199-0068-5 _bФорум |
||
| 010 |
_a5-16-001291-5 _93000 _bИНФРА-М |
||
| 021 |
_aRU _b2006-12215 _9597 |
||
| 035 | _a(NLR Aleph) 000921127 | ||
| 090 |
_a100518 _c100518 |
||
| 100 | _a20060414d2006 |||y0rusy50 ca | ||
| 101 | 0 | _arus | |
| 102 | _aRU | ||
| 105 | _aa ||||||||| | ||
| 200 | 1 |
_aМаркетинг _eучебное пособие для студентов учреждений среднего профессионального образования, обучающихся по группе специальностей 0600 "Экономика и управление" _fЕ.Н. Кнышова |
|
| 210 |
_aМосква _cФорум _cИНФРА-М _d2006 |
||
| 215 |
_a279, [2] с. _cсхем. _d22 |
||
| 225 | 1 | _aПрофессиональное образование | |
| 320 | _aБиблиогр.: с. 247-249 (43 назв.) | ||
| 606 | 1 |
_aМаркетинг _jУчебные издания для среднего профессионального образования _91262222 _3RU\NLR\auth\66200829 |
|
| 686 | _aУ5-361.4я723 | ||
| 700 | 1 |
_aКнышева _bЕ. Н. _gЕлена Николаевна _4070 |
|
| 801 | 0 |
_aRU _bNLR _c20060414 _grcr |
|
| 801 | 1 |
_aRU _bNLR _c20060414 |
|
| 942 | _cBOOK | ||
| 980 | _aNB | ||